Statistics for Countries with the longest Total Borders and Coastline

Click here to take the quiz!

General Stats

  • This quiz has been taken 1,543 times
  • The average score is 17 of 20

Answer Stats

Tot % CoastlineCountry% Correct
210,973 96%Canada
99%
57,670 65%Russia
98%
31,958 62%United States
97%
25,760 100%Australia
96%
22,182 34%Brazil
95%
36,617 40%China
95%
57,546 95%Indonesia
94%
21,103 33%India
92%
14,804 34%Argentina
91%
12,756 50%Chile
91%
13,683 68%Mexico
89%
29,751 100%Japan
88%
12,790 97%United Kingdom
86%
15,134 100%New Zealand
84%
36,289 100%Philippines
82%
27,699 91%Norway
81%
12,012 0%Kazakhstan
79%
10,767 0%Democratic Republic of the Congo
72%
9,848 73%Turkey
60%
14,904 92%Greece
56%

Score Distribution

Percentile by Number Answered

Percent of People with Each Score

Your Score History

You have not taken this quiz